000 00290nam a22001337a 4500
008 181015b xxu||||| |||| 00| 0 eng d
020 _a9781560531043
041 _aeng
080 _a616.12
100 _a7
101 _aKAR
245 _aCardiology Secrets
_cAdair, O.V
942 _2udc
_cBK
999 _c49732
_d49732